US City Flags - Statistics

General Stats
  • This quiz has been taken 22 times
  • The average score is 7 of 12
Answer Stats
Picture Answer % Correct
Miami
100%
Denver
94%
Chicago
75%
Philadelphia
63%
St. Louis
56%
Orlando
50%
Raleigh
50%
Indianapolis
44%
Pittsburgh
44%
Minneapolis
31%
Reno
31%
Roswell
31%
No matching quizzes found
Score Distribution
Percent of People with Each Score
Percentile by Number Answered
Your Score History
You have not taken this quiz